000 00308nam a2200109Ia 4500
005 20251222143231.0
008 251222s9999||||xx |||||||||||||| ||spa||
082 _a269.298.5/C76
245 0 _aIII Concilio Provincial Lima 1582-1583:
264 _bFacultad Pontificia y Civil de TeologĂ­a de Lima
942 _cLIB
999 _c14198
_d14198